| 000 | 00841nam a2200301Ia 4500 | ||
|---|---|---|---|
| 005 | 20250425160838.0 | ||
| 008 | 250425s9999 xx 000 0 und d | ||
| 020 | _a8423402452 | ||
| 041 | _aspa | ||
| 043 | _asp | ||
| 082 | _a658 | ||
| 100 | _aFURLAN, S. | ||
| 245 | 0 | _aCONTABILIDAD GENERAL: PRINCIPIOS Y METODOS DE APLICACION | |
| 250 | _a4A ED. | ||
| 260 | _aBILBAO | ||
| 260 |
_aEspaña _bEDICIONES DEUSTO S.A. _c1982 |
||
| 300 | _a354 | ||
| 500 | _aTítulo Traducido: LA RILEVAZIONE DE L'ELABORAZIONES DEI DATI: LA CONTABILITA GENERALE | ||
| 500 | _aTOMO 1 | ||
| 650 | _aCONTABILIDAD | ||
| 650 | _aCONTABILIDAD DE COSTOS | ||
| 650 | _aDIRECCION Y ADMINISTRACION | ||
| 650 | _aGESTION ADMINISTRATIVA | ||
| 700 |
_aJESUS LOBO ALBA _etraductor |
||
| 710 | _aEDICIONES DEUSTO S.A. | ||
| 942 | _c01 | ||
| 010 | _a6699 | ||
| 999 |
_c197369 _d197369 |
||